China después de Mao / (Record no. 33633)

MARC details
000 -LEADER
campo de control de longitud fija 00661nam a2200205 i 4500
001 - NÚMERO DE CONTROL
campo de control 33633
003 - IDENTIFICADOR DE NÚMERO DE CONTROL
campo de control ES-MaACL
005 - FECHA Y HORA DE LA ÚLTIMA TRANSACCIÓN
campo de control 20230906154807.0
007 - CAMPO FIJO DE DESCRIPCIÓN FÍSICA--INFORMACIÓN GENERAL
campo de control de longitud fija t|
008 - DATOS DE LONGITUD FIJA--INFORMACIÓN GENERAL
campo de control de longitud fija 030203s1978 sp |||| | spa d
100 1# - ENTRADA PRINCIPAL--NOMBRE DE PERSONA
Nombre de persona Bettelheim, Charles.
9 (RLIN) 28678
245 10 - MENCIÓN DEL TÍTULO
Título China después de Mao /
Mención de responsabilidad, etc. Ch. Bettelheim, K.S. Karol, R. Rossanda ; [traducción: Antoni Munné].
260 ## - PUBLICACIÓN, DISTRIBUCIÓN, ETC.
Lugar de publicación, distribución, etc. Barcelona :
Nombre del editor, distribuidor, etc. El Viejo Topo,
Fecha de publicación, distribución, etc. [1978]
300 ## - DESCRIPCIÓN FÍSICA
Extensión 196 p. ;
Dimensiones 22 cm.
651 #4 - PUNTO DE ACCESO ADICIONAL DE MATERIA--NOMBRE GEOGRÁFICO
Nombre geográfico China-
Subdivisión general Política y gobierno-
Subdivisión cronológica 1976-2002.
9 (RLIN) 8058
700 1# - ENTRADA AGREGADA--NOMBRE PERSONAL
Nombre de persona Karol, K. S.
9 (RLIN) 67574
700 1# - ENTRADA AGREGADA--NOMBRE PERSONAL
Nombre de persona Rossandra, Rossana.
9 (RLIN) 99827
700 1# - ENTRADA AGREGADA--NOMBRE PERSONAL
Nombre de persona Munné i Tomàs, Antoni.
9 (RLIN) 84213
852 ## - LOCALIZACIÓN
Ubicación ES-MaACL
Número de control de estantería A-8836
Holdings
Estatus retirado Estado de pérdida Estado de daño No para préstamo Biblioteca de origen Biblioteca actual Ubicación en estantería Fecha de adquisición Fuente de adquisición Total de préstamos Signatura topográfica completa Código de barras Visto por última vez Precio de reemplazo Tipo de ítem Koha
        Biblioteca del Ateneo de Madrid Biblioteca del Ateneo de Madrid Depósito 1 17/01/2008     A-8836 1035004 23/02/2023 23/02/2023 Libro impreso